HUMAN FACTIRS IN ENGINEERING AND DESIGN (Record no. 571469)

000 -LEADER
fixed length control field 00280nam a22001097a 4500
082 ## - DEWEY DECIMAL CLASSIFICATION NUMBER
Classification number 620.82 SAN'H
100 ## - MAIN ENTRY--PERSONAL NAME
Personal name MCCORMICK, E. J ,SANDERS, M. S
9 (RLIN) 62333
245 ## - TITLE STATEMENT
Title HUMAN FACTIRS IN ENGINEERING AND DESIGN
260 ## - PUBLICATION, DISTRIBUTION, ETC.
Place of publication, distribution, etc. NEWYOORK
Name of publisher, distributor, etc. MCGRAW HILL
Date of publication, distribution, etc. 1987
300 ## - PHYSICAL DESCRIPTION
Extent 664P
942 ## - ADDED ENTRY ELEMENTS (KOHA)
Koha item type Book
Holdings
Withdrawn status Lost status Damaged status Not for loan Permanent Location Current Location Shelving location Date acquired Total Checkouts Full call number Barcode Date last seen Price effective from Koha item type
        College of Electrical & Mechanical Engineering (CEME) College of Electrical & Mechanical Engineering (CEME) General Stacks 07/24/2017   620.82 SAN'H CEME-25511 06/28/2021 06/28/2021 Book
© 2023 Central Library, National University of Sciences and Technology. All Rights Reserved.